Strengthening communities through culture /
محفوظ في:
| المؤلف الرئيسي: | |
|---|---|
| التنسيق: | غير معروف |
| منشور في: |
[Washington, DC], Estados Unidos :
Center for Arts and Culture,
[2001?].
|
| سلاسل: | (Art, Culture & the National Agenda. Issue Paper)
|
| الموضوعات: | |
| الوسوم: |
إضافة وسم
لا توجد وسوم, كن أول من يضع وسما على هذه التسجيلة!
|
MARC
| LEADER | 000000000a22000000004500 | ||
|---|---|---|---|
| 001 | 002867 | ||
| 082 | 0 | 4 | |a 306 |b S921s |
| 100 | 1 | |a Strom, Elizabeth | |
| 245 | 1 | 0 | |a Strengthening communities through culture / |c Elizabeth Strom. |
| 260 | 1 | |a [Washington, DC], Estados Unidos : |b Center for Arts and Culture, |c [2001?]. | |
| 300 | |a 51 páginas | ||
| 490 | 1 | |a (Art, Culture & the National Agenda. Issue Paper) | |
| 500 | |a Este informe es básico en el desarrollo comunitario a través de la cultura se centra en los tres temas principales: el arte y la cultura en los roles (1) identidad de la comunidad, (2) el desarrollo comunitario y económico, y (3) alfabetización y culturales. | ||
| 500 | |a Colección George Yudice | ||
| 650 | 4 | |a POLITICA CULTURAL | |
| 999 | |c 9209 |d 9209 | ||
| 942 | |c BK |h 306 S921s |2 z | ||
